000 00729nam a2200229 i 4500
001 82138
003 ES-MaACL
005 20230906174616.0
007 t|
008 041125s1987 sp ||||1| spa d
020 _a84-7137-954-6
080 _a341.176(4-672 CE)
100 1 _aMolina del Pozo, Carlos F.
_981928
245 1 4 _aLas instituciones de las Comunidades Europeas /
_cCarlos F. Molina del Pozo.
260 _aPamplona :
_bSalvat,
_c1987.
300 _a95 p. :
_bil. col. y n. ;
_c21 cm.
490 1 _aSalvat libros. Serie Europa ;
_v4
650 1 4 _aInstituciones comunitarias.
_913830
830 0 _aSalvat libros. Serie Europa ;
_v4
_9183731
852 _aES-MaACL
_jE-10480
_bR.134606
999 _c82138
_d82138